|
|
|
|
| LEADER |
00580cam a2200157 7i4500 |
| 001 |
0000025397 |
| 005 |
20101221090000.0 |
| 090 |
0 |
0 |
|a CD 628.1
|b CON (INDA)
|
| 110 |
2 |
0 |
|a Confederation of Indian Industry (CII)
|
| 245 |
2 |
0 |
|a Water directory.
|
| 260 |
0 |
0 |
|a Rajasthan:
|b Confederation of Indian Industry (CII), Water Institute,
|c 2010.
|
| 300 |
# |
# |
|a Electronic computer optical disc (CD-ROM).
|
| 650 |
0 |
0 |
|a Water --
|x Directories --
|z India
|
| 650 |
0 |
0 |
|a Water industry and trade --
|x Directories --
|z India
|
| 651 |
0 |
0 |
|a India
|
| 999 |
|
|
|a CDR001006H
|b CD-ROM
|c AV Collection
|e Business Information Centre
|